Impugnacion que hacen los individuos que compusieron la Suprema Junta Central al manifiesto del Capitan General Gregorio de la Cuesta. (Record no. 155900)

MARC details
000 -LEADER
campo de control de longitud fija 00946nam a22002175i 4500
001 - NÚMERO DE CONTROL
campo de control 155900
003 - IDENTIFICADOR DE NÚMERO DE CONTROL
campo de control ES-MaACL
005 - FECHA Y HORA DE LA ÚLTIMA TRANSACCIÓN
campo de control 20240229062727.0
008 - DATOS DE LONGITUD FIJA--INFORMACIÓN GENERAL
campo de control de longitud fija 010219s1812 sp |||| | spa d
040 ## - FUENTE DE CATALOGACIÓN
Centro catalogador/agencia de origen NA
Lengua de catalogación spa
Centro/agencia transcriptor NA
245 00 - MENCIÓN DEL TÍTULO
Título Impugnacion que hacen los individuos que compusieron la Suprema Junta Central al manifiesto del Capitan General Gregorio de la Cuesta.
260 ## - PUBLICACIÓN, DISTRIBUCIÓN, ETC.
Lugar de publicación, distribución, etc. Cadiz :
Nombre del editor, distribuidor, etc. [s.n.],
Fecha de publicación, distribución, etc. 1812 (
Fabricante Imprenta del Estado-Mayor-General)
300 ## - DESCRIPCIÓN FÍSICA
Extensión VIII, 47, 34 p. ;
Dimensiones 31 cm.
597 ## - NOTA DE DESCRIPCIÓN FÍSICA
NOTA DE DESCRIPCIÓN FÍSICA Signaturizado.
597 ## - NOTA DE DESCRIPCIÓN FÍSICA
NOTA DE DESCRIPCIÓN FÍSICA La segunda secuencia de pág. corresponde a : Documentos que justifican la respuesta dada al manifiesto de don Gregorio de la Cuesta.
651 #4 - PUNTO DE ACCESO ADICIONAL DE MATERIA--NOMBRE GEOGRÁFICO
Nombre geográfico España-
Subdivisión general Historia-
Subdivisión cronológica 1808-1814, Guerra de la Independencia
9 (RLIN) 8244
700 1# - ENTRADA AGREGADA--NOMBRE PERSONAL
Nombre de persona Cuesta, Gregorio de la.
9 (RLIN) 126660
710 2# - ENTRADA AGREGADA--NOMBRE DE ENTIDAD CORPORATIVA
Nombre de entidad corporativa o nombre de jurisdicción como elemento de entrada España.
Unidad subordinada Junta Suprema Central.
9 (RLIN) 141469
852 ## - LOCALIZACIÓN
Ubicación ES-MaACL
Número de control de estantería Z-113
Nota libre -- Sin enc.
Encuadernación Olim: B-11445-6
Holdings
Estatus retirado Estado de pérdida Estado de daño No para préstamo Colección Biblioteca de origen Biblioteca actual Ubicación en estantería Fecha de adquisición Total de préstamos Signatura topográfica completa Código de barras Visto por última vez Precio de reemplazo Tipo de ítem Koha
        Libros del s. XIX Biblioteca del Ateneo de Madrid Biblioteca del Ateneo de Madrid Depósito Z 17/01/2008   Z-113 1163095 23/02/2023 23/02/2023 Libro impreso antiguo